000 00613nam a2200181Ia 4500
008 090630s9999 xx 000 0 und d
082 _b8541
100 _aगाताडे प्रभाकर.
245 _aमधाची चोरी.
_cगाताडे प्रभाकर.
260 _bशकुन - पुणे.
300 _a27
600 _aगाताडे प्रभाकर.
630 _aमधाची चोरी.
655 _aबालवाङमय.
700 _aगाताडे प्रभाकर.
730 _aमधाची चोरी.
942 _cBOOK
999 _c260397
_d260397